| 000 | 01188nas a2200337 a 4500 | ||
|---|---|---|---|
| 999 |
_c7631 _d7631 |
||
| 001 | 991016020989706706 | ||
| 003 | OSt | ||
| 005 | 20220111191117.0 | ||
| 008 | 901119m19769999spcar || 0 ||cat|c | ||
| 017 | _aDL B. 47520-1976 | ||
| 022 | _a0210-0150 | ||
| 035 | _a(ES-BaCBU).b63199634 | ||
| 035 | _a(OCoLC)865214895 | ||
| 040 |
_aES-BaCBU _bcat _cCDMR |
||
| 043 |
_ae-sp--- _be-spp-- _be-spc-- _2catmarc |
||
| 222 | 2 | _aL'Avenç | |
| 245 | 0 | 2 |
_aL'Avenç : _b[revista de cultura] |
| 260 |
_aBarcelona: _bL'Avenç, _c1976- |
||
| 300 |
_avol : _bil. ; _c31 cm. |
||
| 310 | _aMensual | ||
| 362 | 0 | _aNúm. 1 (abr. 1977)- | |
| 500 | _aSuplement: Plecs d'història local = ISSN 1130-5150 | ||
| 500 | _aEl subtítol varia: revista d'història ; revista d'història i cultura. | ||
| 515 | _aNúm. preliminar: Núm. 0 (des. 1976). | ||
| 650 | 7 |
_aCultura catalana _xRevistes. _2lemac |
|
| 651 | 7 |
_aPaïsos Catalans _xHistòria _xRevistes. _2lemac |
|
| 651 | 7 |
_aCatalunya _xHistòria _xRevistes. _2lemac |
|
| 730 | 0 | _aPlecs d'història local. | |
| 856 | 4 | 2 |
_zAccés al cercador de sumaris _uhttp://www.lavenc.cat/index.php?/cat/altres/Consulta-de-l-arxiu-de-L-Avenc |
| 942 |
_2udc _cSER _s1 |
||